000 00346pam a2200157a 44500
008 230515b1901 xxu||||| |||| 00| 0 eng d
020 _a0
041 _aENGLISH
082 _a0 MUN
100 _aMUNRO J./EDWARDS C.
245 _aMOCLEOD S CLINICAL EXAMINATON
250 _a0
260 _aNULL
_bN.D.
_c1901
300 _a0
650 _aN.D.
999 _c486115
_d486115